000 00487nam a2200205Ia 4500
005 20250425162641.0
008 250425s9999 xx 000 0 und d
020 _a0849336288
041 _aeng
043 _axxu
082 _a636.0876
245 0 _aHANDBOOK OF NUTRIENT REQUIREMENTS OF FINFISH
250 _aS.E
260 _aEstados Unidos
_bCRC PRESS, INC.
_c1991
260 _aNEW YORK
300 _a196
650 _aPECES-ALIMENTACION
942 _c01
010 _a94088
999 _c233626
_d233626